| 000 | 00648nam a2200217 a 4500 | ||
|---|---|---|---|
| 001 | 83061 | ||
| 003 | BD-RjUL | ||
| 005 | 20240212140316.0 | ||
| 008 | 240212s19631961enk 000 0 eng d | ||
| 035 | _a(BD-RjUL)83061 | ||
| 040 |
_aHAI _beng _cBD-RjUL |
||
| 041 | 0 | _aeng | |
| 082 |
_223 _a823.91 _bSPE 1963 |
||
| 245 | 1 | 0 |
_aSpectrum : _ba science fiction anthology / _cedited by Kingsley Amis and Robert Conquest. |
| 260 |
_aLondon : _bVictor Gollancz Ltd., _cc1961, [Impression 1963] |
||
| 300 |
_a304 p.; _c20 cm. |
||
| 650 | 4 |
_aScience fiction _911676 |
|
| 700 | 1 |
_aAmis, Kingsley _911677 |
|
| 700 | 1 |
_aConquest, Robert _911678 |
|
| 942 |
_2ddc _cBK |
||
| 999 |
_c83061 _d83061 |
||